เกมทดสอบจังหวัดของประเทศไทย - Statistics

General Stats
  • This quiz has been taken 711,418 times
  • The average score is 51 of 77
Answers on the Map
Answers color-coded by a green-red scale on the quiz's map according to % correct below.
 
Answer Stats
คำตอบ % Correct
เชียงใหม่
96%
เชียงราย
95%
กรุงเทพมหานคร
92%
น่าน
86%
แม่ฮ่องสอน
84%
ยะลา
84%
นครราชสีมา
84%
ภูเก็ต
83%
ระยอง
82%
ชลบุรี
81%
ตาก
80%
ลำปาง
80%
ตราด
80%
ระนอง
79%
ขอนแก่น
79%
แพร่
76%
ลำพูน
76%
เลย
76%
นครศรีธรรมราช
75%
อุบลราชธานี
74%
พะเยา
73%
ตรัง
72%
นครปฐม
71%
สมุทรปราการ
71%
สมุทรสาคร
71%
กาญจนบุรี
71%
อุดรธานี
71%
ประจวบคีรีขันธ์
70%
สงขลา
70%
บุรีรัมย์
70%
เพชรบุรี
68%
นราธิวาส
68%
ปัตตานี
68%
สมุทรสงคราม
66%
กระบี่
66%
นครสวรรค์
65%
นนทบุรี
65%
อุตรดิตถ์
65%
นครนายก
64%
พระนครศรีอยุธยา
64%
พังงา
64%
หนองคาย
64%
สุโขทัย
63%
ราชบุรี
63%
ชุมพร
63%
จันทบุรี
63%
พิษณุโลก
62%
นครพนม
62%
ปทุมธานี
61%
สระแก้ว
61%
บึงกาฬ
61%
สระบุรี
60%
สิงห์บุรี
60%
กำแพงเพชร
59%
เพชรบูรณ์
59%
ปราจีนบุรี
59%
ศรีสะเกษ
59%
อ่างทอง
58%
ลพบุรี
57%
พัทลุง
57%
สตูล
57%
ฉะเชิงเทรา
57%
ร้อยเอ็ด
57%
สุรินทร์
57%
ชัยนาท
56%
ชัยภูมิ
56%
กาฬสินธุ์
54%
หนองบัวลำภู
54%
พิจิตร
53%
สุพรรณบุรี
53%
ยโสธร
53%
มหาสารคาม
52%
สกลนคร
52%
อำนาจเจริญ
52%
สุราษฎร์ธานี
51%
มุกดาหาร
51%
อุทัยธานี
46%
No matching quizzes found
Score Distribution
Percent of People with Each Score
Percentile by Number Answered
Your Score History
You have not taken this quiz